|
|
|
|
| LEADER |
00000naa2a2200000 4500 |
| 001 |
151156 |
| 005 |
20231031150408.0 |
| 035 |
|
|
|a (RuTPU)RU\TPU\book\163890
|
| 090 |
|
|
|a 151156
|
| 100 |
|
|
|a 20090120d2008 k y0rusy50 ca
|
| 101 |
0 |
|
|a rus
|
| 102 |
|
|
|a RU
|
| 200 |
1 |
|
|a Исследование структуры и свойств белого износостойкого чугуна легированного ванадием
|f Л. Ю. Янтураева
|g науч. рук. В. Г. Дураков
|
| 320 |
|
|
|a Библиогр.: 3 назв.
|
| 461 |
|
1 |
|0 (RuTPU)RU\TPU\book\156858
|t Современные техника и технологии
|o 14 Международная научно-практическая конференция студентов, аспирантов и молодых ученых, г. Томск, 24-28 марта 2008 г.
|o труды
|o в 3 т.
|f Томский политехнический университет (ТПУ)
|d 2008
|
| 463 |
|
1 |
|0 (RuTPU)RU\TPU\book\158716
|t Т. 2
|v С. 222-223
|d 2008
|p 434 с.
|
| 610 |
1 |
|
|a износостойкий чугун
|
| 610 |
1 |
|
|a легирование
|
| 610 |
1 |
|
|a ванадий
|
| 610 |
1 |
|
|a покрытия
|
| 610 |
1 |
|
|a нанесение
|
| 610 |
1 |
|
|a электронно-лучевая наплавка
|
| 610 |
1 |
|
|a труды учёных ТПУ
|
| 700 |
|
1 |
|a Янтураева
|b Л. Ю.
|
| 702 |
|
1 |
|a Дураков
|b В. Г.
|4 727
|
| 801 |
|
1 |
|a RU
|b 63413507
|c 20090120
|g PSBO
|
| 801 |
|
2 |
|a RU
|b 63413507
|c 20140109
|g RCR
|
| 942 |
|
|
|c BK
|